书目信息 |
| 题名: |
现代企业物流成本控制分析
|
|
| 作者: | 曹模珍, 著 | |
| 分册: | ||
| 出版信息: | 北京 中国国际广播出版社 2019.03 |
|
| 页数: | 201页 | |
| 开本: | 24cm | |
| 丛书名: | ||
| 单 册: | ||
| 中图分类: | F273.4 | |
| 科图分类: | ||
| 主题词: | 企业管理--qi ye guan li--物流--成本管理--研究 | |
| 电子资源: | ||
| ISBN: | 978-7-5078-4401-6 | |
| 000 | 01067nam0 2200265 450 | |
| 001 | CAL 0120203108067 | |
| 005 | 20230217093112.0 | |
| 010 | @a978-7-5078-4401-6@dCNY62.50 | |
| 100 | @a20201110d2019 em y0chiy0120 ea | |
| 101 | 0 | @achi |
| 102 | @aCN@b110000 | |
| 105 | @aa a 000yy | |
| 106 | @ar | |
| 200 | 1 | @a现代企业物流成本控制分析@Axian dai qi ye wu liu cheng ben kong zhi fen xi@f曹模珍著 |
| 210 | @a北京@c中国国际广播出版社@d2019.03 | |
| 215 | @a201页@c图@d24cm | |
| 300 | @a江西省赣州市社会科学研究课题《降低赣州企业物流成本策略研究》 | |
| 314 | @a曹模珍, 现任赣南师范大学讲师。 | |
| 320 | @a有书目 (第200-201页) | |
| 330 | @a本书共分八章, 内容包括企业物流成本控制的基础理论、企业物流成本控制体系的设计、企业物流成本核算、企业物流成本控制、企业物流模式规划、企业物流成本优化模型、企业物流成本控制策略的国际比较、企业物流成本控制的绩效评价。 | |
| 606 | 0 | @a企业管理@Aqi ye guan li@x物流@x成本管理@x研究 |
| 690 | @aF273.4@v5 | |
| 701 | 0 | @a曹模珍,@Acao mo zhen@f1982-@4著 |
| 801 | 0 | @aCN@bBJXHZP@c20230222 |
| 905 | @b1378402-5@dF273.4@e1884@f4 | |
| 现代企业物流成本控制分析/曹模珍著.-北京:中国国际广播出版社,2019.03 |
| 201页:图;24cm |
| 江西省赣州市社会科学研究课题《降低赣州企业物流成本策略研究》 |
| ISBN 978-7-5078-4401-6:CNY62.50 |
| 本书共分八章, 内容包括企业物流成本控制的基础理论、企业物流成本控制体系的设计、企业物流成本核算、企业物流成本控制、企业物流模式规划、企业物流成本优化模型、企业物流成本控制策略的国际比较、企业物流成本控制的绩效评价。 |
| ● |
| 相关链接 |
|
|
|
|
正题名:现代企业物流成本控制分析
索取号:F273.4/1884
 
预约/预借
| 序号 | 登录号 | 条形码 | 馆藏地/架位号 | 状态 | 备注 |
| 1 | 1378402 | 213784029 | 第一样本阅览室/ [索取号:F273.4/1884] | 在馆 | |
| 2 | 1378403 | 213784038 | 第一借阅区/ [索取号:F273.4/1884] | 在馆 | |
| 3 | 1378404 | 213784047 | 第一借阅区/ [索取号:F273.4/1884] | 在馆 | |
| 4 | 1378405 | 213784056 | 第一借阅区/ [索取号:F273.4/1884] | 在馆 |